| 000 | 00824nac a22002531i 4500 | ||
|---|---|---|---|
| 003 | EG-ScBUE | ||
| 005 | 20240626122816.0 | ||
| 008 | 240626s1956 enk f 000 0 eng d | ||
| 035 | _a(OCoLC)418675 | ||
| 040 |
_aEG-ScBUE _beng _erda _cEG-ScBUE _dEG-ScBUE |
||
| 082 | 0 | 4 |
_a968 _bHUD _222 |
| 100 | 1 |
_aHuddleston, Trevor, _d1913-1998, _eauthor. |
|
| 245 | 1 | 0 |
_aNaught for your comfort / _cby father Trevor Huddleston. |
| 264 | 1 |
_aLondon : _bCollins, _c1956. |
|
| 300 |
_a256 pages ; _c22 cm |
||
| 336 |
_2rdacontent _atext _btxt |
||
| 337 |
_aunmediated _2rdamedia _bn |
||
| 338 |
_avolume _bnc _2rdacarrier |
||
| 650 | 7 |
_aIndigenous peoples _zSouth Africa. _2BUEsh |
|
| 650 | 7 |
_aHousing _zSouth Africa _zJohannesburg. _2BUEsh |
|
| 655 | _vReading book | ||
| 942 |
_cBB _2ddc |
||
| 999 |
_c2993 _d2993 |
||